01765nam a22003017a 4500003000900000008004100009040007100050082002400121110003500145245003600180260008300216300004500299440006600344505075600410650002801166650002201194650002901216650002801245650002601273650001901299700003401318700001801352700001801370700001601388700002101404700001801425700002001443AR-CdUCM190425b ||||| |||| 00| 0 spa d aMUNICIPALIDAD PROVINCIAL DEL CUSCOcBIBLIOTECA MUNICIPAL DEL CUSCO aParlante/N°88/2006 aCentro Guamán Poma de Ayala  aParlante :bRevista del Cusco / aCusco :bCentro de Educación y Comunicación Guamán Poma de Ayala,c2006. a32 páginas. :bilustraciones ;c30 cm. aParlante revista del Cusco.nAño 21, N°88, diciembre 2005. aContenido: Poniéndole la brida a leviatán. Luis Nieto. -- Acceso a la información publica entre la cultura del secreto y la vigilancia ciudadana. Omar Paredes. -- Hacia un nuevo modelo de gestión urbana. Marco Serna. -- Proyecto de recuperación del hábitat popular curar la ceguera para salvar casonas. Luis Nieto. -- Oferta gastronómica en el Cusco solo para paladares cusqueños. Adriana Peralta. -- La lenta agonía del rio Huatanay. Carlos Luna. -- Trata de personas, crimen de lesa humanidad. -- 300 millones de3 niños no aprenden porque tienen hambre. -- Cáncer de cuello uterino vacuna demasiado cara para enfermedad de pobres. -- Educar en radio. Juan Galiano. -- Liderazgo social y político con equidad. Victoria Casos.  aActualidad y política aGobiernos locales aCentro Histórico Cusco aProducción y recursos aEducación y cultura aMedio ambiente aCentro Guamán Poma de Ayala aParedes, Omar aSerna, Marco aNieto, Luis aPeralta, Adriana aGaliano, Juan aCasos, Victoria